Limp Bizkit Hot Dog Lyrics - Statistics

General Stats
  • This quiz has been taken 135 times
  • The average score is 255 of 409
Answer Stats
Hint Answer % Correct
i | t i
98%
b | m | p do
95%
B | L | b | +6 others a
94%
b | i | k | z the
93%
L | b in
91%
t hot
90%
L | i an
89%
L dog
88%
i what
87%
i | k | t | z and
86%
m water
86%
L | i | k | p fuck
85%
L | p | z starfish
84%
i | m chocolate
83%
i flavored
83%
L | b | i | +3 others on
79%
p introducing
78%
B | L | b | +6 others up
78%
b | i | p | z bring
77%
b | p it
77%
l ladies
76%
L | b | i | +5 others fucked
74%
m gentlemen
74%
L | b | i | +3 others me
71%
L | b | i | +5 others you
71%
L | i | k | +2 others like
69%
i | t animal
67%
i | k | t inside
65%
L | b | i | +3 others to
64%
L | i | p | z it's
62%
b | p | z wanna
62%
t we
62%
i | k | z closer
61%
i | k | z perfect
61%
L | b | i | +4 others that
60%
i world
60%
L | i | m nothing
59%
i | p | z everybody
57%
i | z get
57%
m | tL so
57%
b | i | p will
57%
L | i | t know
56%
i | k | m | t just
55%
b | p two
55%
L go
54%
b | i | p i'm
54%
i | m | p think
53%
i | k | z drug
52%
b | i | p burn
51%
i this
49%
k face
48%
b | i | k | +2 others my
48%
L | p life
47%
L place
47%
i here
46%
b | i | k | m with
45%
b | i | z listen
44%
m | t say
44%
m one
43%
i check
41%
t dads
41%
b rhyme
41%
L yeah
41%
i fuck's
40%
t fucks
40%
m knife
40%
p by
38%
z times
38%
k | z all
37%
L | i | k | m hey
37%
L | t is
37%
i job
37%
i more
37%
B their
37%
t titties
37%
i can't
36%
k kid
36%
b chest
35%
p cop
35%
L don't
35%
m judged
35%
i kiss
35%
b | k | m | t knows
35%
L dreams
34%
i everybody's
34%
i ass
32%
b | k punk
32%
b | i shame
32%
b word
32%
i badge
31%
m | z bitch
31%
t boss
31%
m inch
31%
i nine
31%
t out
31%
k that's
31%
L if
30%
p nail
30%
i down
29%
z back
28%
b better
28%
k fake
28%
i pay
28%
m | t ain't
27%
z knocked
27%
k before
24%
b day
24%
p from
24%
i we're
24%
L | z yourself
24%
z sex
22%
t wreck
22%
p game
21%
i mums
21%
i nuts
21%
i swingin'
21%
i fourty-six
19%
t mouth
19%
k press
19%
p baby
18%
L mind
18%
i lies
17%
i stitch
17%
t crime
16%
b i'll
16%
p lethal's
16%
m aids
15%
i eyes
15%
t head
15%
m while
14%
b jealousy
13%
m real
11%
L sore
10%
i fillin'
9%
No matching quizzes found
Score Distribution
Percent of People with Each Score
Percentile by Number Answered
Your Score History
You have not taken this quiz